[Event "Preferente Aragonesa 2024 - Grupo I"]
[Site "?"]
[Date "2024.02.24"]
[Round "5.35"]
[White "Tarela Perez, Jose Gerardo"]
[Black "Lamelas Andreu, Jose Carlos"]
[Result "1/2-1/2"]
[WhiteElo "1688"]
[BlackElo "1611"]
[PlyCount "86"]
[GameId "2166508128371063"]
[EventDate "2024.01.27"]
[WhiteTeam "San Jose"]
[BlackTeam "Jaque - Aramovil B"]

1. d4 f5 2. c4 e6 3. Nc3 Nf6 4. g3 c6 5. Bg2 d5 6. Nf3 a5 7. O-O Be7 8. Ne5 O-O 9. Bg5 Nbd7 10. cxd5 Nxe5 11. dxe5 Nxd5 12. Bxe7 Qxe7 13. Nxd5 cxd5 14. Qd4 Bd7 15. Rfc1 Bc6 16. e3 Rfd8 17. Rc5 h5 18. Rac1 a4 19. Bf1 a3 20. b4 Ra4 21. Qc3 Rd7 22. b5 d4 23. exd4 Bd5 24. b6 Bc6 25. Rc4 Ra8 26. Rxc6 bxc6 27. Qxc6 Rb8 28. Bc4 Rxd4 29. Bxe6+ Kf8 30. Bxf5 Rdd8 31. e6 Rd6 32. Qf3 Rdxb6 33. Qxh5 Qf6 34. Rc7 Rb1+ 35. Kg2 Rg1+ 36. Kxg1 Rb1+ 37. Kg2 Rg1+ 38. Kxg1 Qa1+ 39. Kg2 g6 40. Qxg6 Qg1+ 41. Kf3 Qxf2+ 42. Kg4 Qxg3+ 43. Kh5 Qh4+ 1/2-1/2

[Event "Preferente Aragonesa 2024 - Grupo I"]
[Site "?"]
[Date "2024.02.24"]
[Round "5.36"]
[White "Aranaz Murillo, Amalia"]
[Black "Llorente Zaro, Alfonso"]
[Result "0-1"]
[WhiteElo "2235"]
[BlackElo "2433"]
[PlyCount "54"]
[GameId "2166508128412024"]
[EventDate "2024.01.27"]
[WhiteTeam "Palacio De Pioneros B"]
[BlackTeam "Agrupacion A"]

1. Nf3 d5 2. g3 Bg4 3. Ne5 Bf5 4. Bg2 c6 5. c4 e6 6. Qb3 Qb6 7. Qxb6 axb6 8. d3 Bd6 9. f4 f6 10. Nf3 dxc4 11. Nd4 cxd3 12. e4 Bg4 13. h3 Bc5 14. hxg4 Bxd4 15. Bf1 Na6 16. Nc3 Nc5 17. Bd2 Nh6 18. Rh4 Nf7 19. O-O-O Nd6 20. b4 Ncxe4 21. Nxe4 Nxe4 22. Bxd3 Nf2 23. Bxh7 Nxd1 24. Kxd1 Ke7 25. g5 Rxa2 26. gxf6+ Bxf6 27. Rh5 Rd8 0-1

[Event "Preferente Aragonesa 2024 - Grupo I"]
[Site "?"]
[Date "2024.02.24"]
[Round "5.37"]
[White "Remiro Juste, Fernando Jose"]
[Black "Zambrana Petisme, Ramiro"]
[Result "1/2-1/2"]
[WhiteElo "2221"]
[BlackElo "2112"]
[PlyCount "112"]
[GameId "2166508128444793"]
[EventDate "2024.01.27"]
[WhiteTeam "Agrupacion A"]
[BlackTeam "Palacio De Pioneros B"]

1. e4 c5 2. Nf3 g6 3. d3 Bg7 4. g3 Nc6 5. Bg2 d6 6. O-O Bg4 7. h3 Bxf3 8. Bxf3 Nf6 9. Bg2 O-O 10. c3 Qb6 11. Na3 Nd7 12. Nc4 Qa6 13. f4 b5 14. Ne3 b4 15. c4 Rab8 16. g4 Nd4 17. f5 e6 18. g5 f6 19. fxe6 Nxe6 20. h4 Ne5 21. Nc2 fxg5 22. Bxg5 Rxf1+ 23. Qxf1 Nxg5 24. hxg5 Rf8 25. Qe2 Nf7 26. Ne3 Bd4 27. e5 Nxe5 28. Bd5+ Kg7 29. Kg2 Bxe3 30. Qxe3 Qc8 31. Qg3 Qg4 32. Qxg4 Nxg4 33. Kg3 Ne5 34. Be4 Re8 35. Kf4 Rf8+ 36. Kg3 Re8 37. Kf4 Nf7 38. a3 a5 39. axb4 axb4 40. Ra7 Kf8 41. Bd5 Re7 42. Ra6 Ne5 43. Ra8+ Re8 44. Ra7 Nxd3+ 45. Kg4 Re1 46. Rxh7 Rg1+ 47. Kh4 Ne5 48. Rh8+ Kg7 49. Rg8+ Kh7 50. Rd8 Rg4+ 51. Kh3 Rxg5 52. Rxd6 Nd3 53. Rd7+ Kh6 54. Bg8 Nf4+ 55. Kh4 Ng2+ 56. Kh3 Nf4+ 1/2-1/2

[Event "Preferente Aragonesa 2024 - Grupo I"]
[Site "?"]
[Date "2024.02.24"]
[Round "5.38"]
[White "Sacristan Latorre, Alberto"]
[Black "Roque Sola, Gisela"]
[Result "0-1"]
[WhiteElo "2090"]
[BlackElo "2069"]
[PlyCount "52"]
[GameId "2166508128477562"]
[EventDate "2024.01.27"]
[WhiteTeam "Palacio De Pioneros B"]
[BlackTeam "Agrupacion A"]

1. e4 e6 2. c4 d5 3. cxd5 exd5 4. exd5 Qxd5 5. Nc3 Qd8 6. Bc4 Nf6 7. d4 Be7 8. Nf3 O-O 9. h3 Nbd7 10. O-O Nb6 11. Bb3 Nbd5 12. Re1 c6 13. Bg5 Be6 14. Rc1 Re8 15. Ne5 h6 16. Bh4 Nf4 17. Bg3 N6d5 18. Qf3 Bg5 19. h4 Bxh4 20. Bxf4 Nxf4 21. Bxe6 fxe6 22. Qxf4 Rf8 23. Qg4 Bxf2+ 24. Kh1 Bxe1 25. Qxe6+ Kh7 26. Rxe1 Qh4+ 0-1

[Event "Preferente Aragonesa 2024 - Grupo I"]
[Site "?"]
[Date "2024.02.24"]
[Round "5.39"]
[White "Barros Gutierrez, Angel Luis"]
[Black "Gomez Salinas, Nestor"]
[Result "1-0"]
[WhiteElo "1991"]
[BlackElo "2014"]
[PlyCount "67"]
[GameId "2166508128579963"]
[EventDate "2024.01.27"]
[WhiteTeam "Agrupacion A"]
[BlackTeam "Palacio De Pioneros B"]

1. d4 Nf6 2. c4 g6 3. Nc3 Bg7 4. e4 d6 5. h3 O-O 6. Be3 Na6 7. Bd3 c5 8. d5 Nc7 9. Nf3 a6 10. a4 Bd7 11. a5 Rb8 12. Na4 Bxa4 13. Qxa4 b5 14. axb6 Rxb6 15. Rb1 Qb8 16. Qc2 Nd7 17. b3 Qb7 18. Bd2 Rb8 19. Ba5 Rxb3 20. Rxb3 Qxb3 21. Bxc7 Qb4+ 22. Ke2 Rb7 23. Rb1 Qxb1 24. Qxb1 Rxb1 25. Bxb1 Bc3 26. Bc2 f6 27. Ba4 Ne5 28. Nxe5 fxe5 29. h4 h6 30. g3 g5 31. hxg5 hxg5 32. Kf3 Kf7 33. Kg4 Kf6 34. Bd8 1-0

[Event "Preferente Aragonesa 2024 - Grupo I"]
[Site "?"]
[Date "2024.02.24"]
[Round "5.40"]
[White "Delgado Pascual, Hugo"]
[Black "Malo Guillen, Jose Luis"]
[Result "1/2-1/2"]
[WhiteElo "1717"]
[BlackElo "2070"]
[PlyCount "71"]
[GameId "2166508128612732"]
[EventDate "2024.01.27"]
[WhiteTeam "Enroque de Barbastro"]
[BlackTeam "Las Fuentes"]

1. e4 e5 2. Nf3 Nc6 3. Bb5 Nge7 4. d4 exd4 5. Nxd4 g6 6. O-O Bg7 7. c3 O-O 8. Be3 a6 9. Ba4 Ne5 10. Nd2 d6 11. h3 c5 12. Ne2 b5 13. Bc2 Be6 14. f4 Nc4 15. Nxc4 Bxc4 16. Bd3 f5 17. Bxc4+ bxc4 18. Qa4 fxe4 19. Qxc4+ Kh8 20. Qxe4 Nf5 21. Bf2 Re8 22. Qd3 Qb6 23. g4 Qxb2 24. gxf5 Qxe2 25. Qxd6 gxf5 26. Qxc5 Rg8 27. Kh2 Qf3 28. Qe3 Qc6 29. Rg1 Bxc3 30. Rac1 Rxg1 31. Rxg1 Bf6 32. Rc1 Qd7 33. Re1 Kg7 34. Rg1+ Kh8 35. Re1 Kg7 36. Rg1+ 1/2-1/2

[Event "Preferente Aragonesa 2024 - Grupo I"]
[Site "?"]
[Date "2024.02.24"]
[Round "5.41"]
[White "Roman Gimeno, Javier"]
[Black "Rubiella Moreno, Oscar"]
[Result "0-1"]
[WhiteElo "1844"]
[BlackElo "1691"]
[PlyCount "68"]
[GameId "2166508128670077"]
[EventDate "2024.01.27"]
[WhiteTeam "Las Fuentes"]
[BlackTeam "Enroque de Barbastro"]

1. d4 Nf6 2. Nf3 g6 3. c4 Bg7 4. Bf4 c5 5. e3 O-O 6. Nc3 Qa5 7. Be2 d6 8. h3 Ne4 9. Qb3 Nxc3 10. bxc3 Nc6 11. O-O e5 12. Bg3 Qc7 13. Rad1 b6 14. d5 Na5 15. Qa4 Bd7 16. Qc2 Bc8 17. Qa4 Ba6 18. e4 Qd8 19. Nd2 Qe8 20. Qc2 f5 21. f4 fxe4 22. Nxe4 exf4 23. Bxf4 Bxc4 24. Bxd6 Rf5 25. Bg3 Qd7 26. d6 Re8 27. Rfe1 Bxe2 28. Qxe2 Bxc3 29. Qg4 Bg7 30. h4 Rf1+ 31. Rxf1 Qxg4 32. d7 Rd8 33. Rfe1 Rxd7 34. Rxd7 Qxd7 0-1

[Event "Preferente Aragonesa 2024 - Grupo I"]
[Site "?"]
[Date "2024.02.24"]
[Round "5.42"]
[White "Carrera Angulo, Nicolas"]
[Black "Artal Alegria, Francisco Javier"]
[Result "0-1"]
[WhiteElo "1604"]
[BlackElo "1747"]
[PlyCount "68"]
[GameId "2166508128706942"]
[EventDate "2024.01.27"]
[WhiteTeam "Enroque de Barbastro"]
[BlackTeam "Las Fuentes"]

1. e4 d5 2. exd5 Nf6 3. Bb5+ Bd7 4. Bc4 Bg4 5. f3 Bf5 6. Nc3 Nbd7 7. b3 Nb6 8. g4 Nxc4 9. bxc4 Bg6 10. d3 e6 11. dxe6 Bb4 12. exf7+ Kxf7 13. Bd2 Re8+ 14. Nge2 Qd4 15. Nb5 Bxd2+ 16. Kxd2 Qe3+ 17. Ke1 Re7 18. Rf1 a6 19. Nbc3 Rae8 20. Qd2 Qd4 21. Rb1 Qa7 22. Kd1 Kg8 23. h4 Bf7 24. Qf4 Qc5 25. Kc1 Rd8 26. Ne4 Qa3+ 27. Kd1 Rxd3+ 28. Ke1 Re3 29. Rb3 Qc1+ 30. Kf2 Rxe2+ 31. Kxe2 Qxf4 32. Rd3 Bxc4 33. Rfd1 Nxe4 34. fxe4 Rxe4# 0-1

[Event "Preferente Aragonesa 2024 - Grupo I"]
[Site "?"]
[Date "2024.02.24"]
[Round "5.43"]
[White "Manguez Cambra, Jose Luis"]
[Black "Jimenez Azlor, Hugo"]
[Result "1-0"]
[WhiteElo "1726"]
[BlackElo "1519"]
[PlyCount "89"]
[GameId "2166508128760191"]
[EventDate "2024.01.27"]
[WhiteTeam "Las Fuentes"]
[BlackTeam "Enroque de Barbastro"]

1. d4 d5 2. Nc3 Nf6 3. e4 dxe4 4. f3 e6 5. fxe4 Bb4 6. Bd3 Bxc3+ 7. bxc3 Nxe4 8. Nf3 Nxc3 9. Qd2 Nd5 10. O-O Nd7 11. Qe2 N7f6 12. Bg5 h6 13. Bd2 a6 14. Rae1 b5 15. c4 bxc4 16. Bxc4 Nb6 17. Bb3 Qd6 18. Bc3 Nbd5 19. Bd2 Bd7 20. Ne5 Bb5 21. Bc4 Bxc4 22. Nxc4 Qd7 23. Qf3 Rb8 24. Qg3 Rg8 25. Qf3 Nb6 26. Nxb6 Rxb6 27. Bxh6 Rb2 28. Be3 Rxa2 29. Rb1 Qd5 30. Qg3 Kd7 31. Rxf6 gxf6 32. Qxg8 Qh5 33. Qg3 Qg6 34. Qxg6 fxg6 35. Rb7 Kc6 36. Ra7 a5 37. Bf4 Kd5 38. Bxc7 a4 39. Bd8 Kxd4 40. Bxf6+ Ke4 41. Ra5 Kf4 42. h3 a3 43. Kh2 Ke4 44. Be7 Rc2 45. Rxa3 1-0

[Event "Preferente Aragonesa 2024 - Grupo I"]
[Site "?"]
[Date "2024.02.24"]
[Round "5.44"]
[White "Garcia Alriols, Jesus"]
[Black "Salamero Pelay, Fernando"]
[Result "0-1"]
[WhiteElo "1782"]
[BlackElo "2043"]
[PlyCount "58"]
[GameId "2166508128813440"]
[EventDate "2024.01.27"]
[WhiteTeam "Binefar"]
[BlackTeam "Atletismo Huesca"]

1. e4 g6 2. d4 Bg7 3. c4 d6 4. Nc3 Nf6 5. h3 O-O 6. Nf3 e5 7. d5 a5 8. Bd3 Na6 9. Be3 b6 10. Qd2 Nc5 11. g4 Bd7 12. Bc2 Re8 13. Bg5 a4 14. O-O-O Qb8 15. Bxf6 Bxf6 16. Qe2 b5 17. cxb5 Ra5 18. Bd3 Nxd3+ 19. Qxd3 Bxb5 20. Qe3 Qb7 21. h4 Rb8 22. Rd2 Bd7 23. g5 Bg7 24. h5 Rc5 25. Kd1 Qb4 26. a3 Qb3+ 27. Ke1 Bg4 28. hxg6 fxg6 29. Ng1 Rxc3 0-1

[Event "Preferente Aragonesa 2024 - Grupo I"]
[Site "?"]
[Date "2024.02.24"]
[Round "5.45"]
[White "Gella Lopez, Angel"]
[Black "Bonet Herbera, Isabel"]
[Result "1/2-1/2"]
[WhiteElo "1988"]
[BlackElo "1780"]
[PlyCount "101"]
[GameId "2166508128850305"]
[EventDate "2024.01.27"]
[WhiteTeam "Atletismo Huesca"]
[BlackTeam "Binefar"]

1. d4 d5 2. c4 e6 3. Nf3 Nf6 4. g3 Be7 5. Bg2 O-O 6. O-O dxc4 7. Qc2 a6 8. Qxc4 b5 9. Qc2 Bb7 10. Bg5 Nbd7 11. Rd1 Rc8 12. Bxf6 Bxf6 13. Ng5 Bxg5 14. Bxb7 Rb8 15. Bc6 Rb6 16. Nd2 Nb8 17. Bg2 Bxd2 18. Rxd2 Rd6 19. Rad1 Qd7 20. Qc5 Nc6 21. e3 Rc8 22. Rc1 Nd8 23. Rdc2 c6 24. Bf3 g6 25. b4 Ra8 26. h4 a5 27. bxa5 Rxa5 28. h5 Ra6 29. Qg5 Qe8 30. Kg2 Qf8 31. hxg6 fxg6 32. Be4 Qe8 33. Rh1 Ra7 34. Qc5 Rad7 35. Rhc1 Qe7 36. Qc3 Rc7 37. Qb3 Kg7 38. a4 bxa4 39. Qxa4 Ra7 40. Qb3 Rb7 41. Qc3 Kg8 42. Rb2 Qc7 43. Rcb1 Kf7 44. Qc5 Rxb2 45. Rxb2 Kg8 46. Ra2 Rd7 47. Ra8 Kf7 48. Qg5 Kg7 49. Qc5 Kf7 50. Qg5 Kg7 51. Qc5 1/2-1/2

[Event "Preferente Aragonesa 2024 - Grupo I"]
[Site "?"]
[Date "2024.02.24"]
[Round "5.46"]
[White "Amello Montiu, Jonathan"]
[Black "Laplaza Ara, Carlos"]
[Result "1/2-1/2"]
[WhiteElo "1621"]
[BlackElo "1910"]
[PlyCount "62"]
[GameId "2166508128883074"]
[EventDate "2024.01.27"]
[WhiteTeam "Binefar"]
[BlackTeam "Atletismo Huesca"]

1. e4 c6 2. d4 d5 3. exd5 cxd5 4. c4 e6 5. Nc3 Nf6 6. Nf3 Nc6 7. Bd3 Be7 8. O-O O-O 9. a3 dxc4 10. Bxc4 a6 11. d5 exd5 12. Nxd5 Nxd5 13. Bxd5 Qc7 14. Qb3 Bf6 15. Be3 Bg4 16. Rac1 Rac8 17. Rc2 Qd7 18. Rd2 Qe7 19. h3 Bxf3 20. Bxf3 Rfd8 21. Rfd1 Rxd2 22. Rxd2 h6 23. Rc2 Be5 24. Qa4 Rd8 25. b3 Nd4 26. Bxd4 Rxd4 27. Qa5 Qd6 28. Qe1 g6 29. Rc1 Bf4 30. Rd1 Rxd1 31. Qxd1 Qxd1+ 1/2-1/2

[Event "Preferente Aragonesa 2024 - Grupo I"]
[Site "?"]
[Date "2024.02.24"]
[Round "5.47"]
[White "Martinez Carnicer, Eduardo"]
[Black "Quintilla Alonso, Nicolas"]
[Result "1/2-1/2"]
[WhiteElo "1677"]
[BlackElo "1569"]
[PlyCount "79"]
[GameId "2166508128973187"]
[EventDate "2024.01.27"]
[WhiteTeam "Atletismo Huesca"]
[BlackTeam "Binefar"]

1. e4 Nf6 2. Nc3 d5 3. exd5 Nxd5 4. d4 Nxc3 5. bxc3 Bf5 6. Qf3 Qc8 7. Bc4 e6 8. Ne2 Be7 9. Bb3 O-O 10. O-O c5 11. dxc5 Nd7 12. Nd4 Nxc5 13. Nxf5 exf5 14. Bd5 Ne4 15. Rb1 Nxc3 16. Bxb7 Qc4 17. Bxa8 Nxb1 18. Bd5 Qxc2 19. Be3 Nc3 20. Bxa7 Rd8 21. Bc4 Nxa2 22. Bb3 Qb2 23. g3 Nc3 24. Bc4 g6 25. Be3 Ne4 26. Qf4 Bd6 27. Qh4 Qf6 28. Qxf6 Nxf6 29. Bg5 Kg7 30. Rb1 Rc8 31. Bf1 Ne4 32. Be3 Rc2 33. Kg2 g5 34. Bd3 Ra2 35. Bxe4 fxe4 36. Rd1 Be7 37. Rd4 f5 38. Rd7 Kf6 39. Bxg5+ Kxg5 40. Rxe7 1/2-1/2

[Event "Preferente Aragonesa 2024 - Grupo I"]
[Site "?"]
[Date "2024.02.24"]
[Round "5.48"]
[White "De La Riva Fernandez, Eduardo"]
[Black "Pellicer Cerezuela, Miguel"]
[Result "0-1"]
[WhiteElo "1743"]
[BlackElo "2059"]
[PlyCount "104"]
[GameId "2166508129022340"]
[EventDate "2024.01.27"]
[WhiteTeam "El Olivar C"]
[BlackTeam "L'Aurora Estadilla"]

1. e4 e6 2. d4 d5 3. Nd2 c5 4. exd5 Qxd5 5. Ngf3 cxd4 6. Bc4 Qd6 7. O-O Nc6 8. Nb3 Nf6 9. Nbxd4 Nxd4 10. Qxd4 Qxd4 11. Nxd4 a6 12. a4 Be7 13. Bf4 O-O 14. Be2 Nd5 15. Bg3 Bf6 16. Rad1 e5 17. Bf3 Nb6 18. Ne2 Nxa4 19. b3 Nc5 20. Nc3 Bf5 21. Nd5 Be4 22. Nxf6+ gxf6 23. Bxe4 Nxe4 24. Bh4 Rfd8 25. f3 Ng5 26. c4 Kg7 27. Bf2 b5 28. Bb6 Rxd1 29. Rxd1 bxc4 30. bxc4 Ne6 31. c5 Nd4 32. Kf2 a5 33. Rc1 Nc6 34. Ra1 a4 35. Ke3 Nd4 36. Kd3 a3 37. Ra2 Kg6 38. c6 Nxc6 39. Bc5 Rd8+ 40. Ke2 Nd4+ 41. Bxd4 Rxd4 42. Rxa3 Rb4 43. Kf2 h5 44. Ra2 h4 45. Re2 Kg5 46. h3 Rb5 47. g3 f5 48. g4 fxg4 49. hxg4 f6 50. Kg2 Rb1 51. Re4 Rb2+ 52. Kh3 Rf2 0-1

[Event "Preferente Aragonesa 2024 - Grupo I"]
[Site "?"]
[Date "2024.02.24"]
[Round "5.49"]
[White "Cid Royo, Oscar"]
[Black "Machin Torcal, Eduardo"]
[Result "1-0"]
[WhiteElo "1993"]
[BlackElo "1636"]
[PlyCount "77"]
[GameId "2166508129059205"]
[EventDate "2024.01.27"]
[WhiteTeam "L'Aurora Estadilla"]
[BlackTeam "El Olivar C"]

1. d4 d5 2. Nf3 Nf6 3. Bf4 e6 4. e3 Be7 5. Bd3 O-O 6. Nbd2 Nbd7 7. h3 c5 8. c3 c4 9. Bc2 b5 10. Ne5 Bb7 11. Qf3 a6 12. g4 Nxe5 13. Bxe5 Bd6 14. Bxd6 Qxd6 15. g5 Ne8 16. h4 e5 17. dxe5 Qxe5 18. Qh5 g6 19. Qg4 Ng7 20. Nf3 Qe6 21. Qg2 Bc8 22. Nd4 Qd6 23. O-O-O Be6 24. f4 Qe7 25. Qf3 Qd7 26. Nxe6 fxe6 27. h5 gxh5 28. Rh4 Ra7 29. e4 Rd8 30. exd5 exd5 31. f5 Qf7 32. f6 Rad7 33. Qh3 Qe6 34. fxg7 Qxh3 35. Rxh3 Rxg7 36. Rxh5 Rd6 37. Bf5 Re7 38. Bc2 Rdd7 39. Rdh1 1-0

[Event "Preferente Aragonesa 2024 - Grupo I"]
[Site "?"]
[Date "2024.02.24"]
[Round "5.50"]
[White "Marco Garcia, Francho"]
[Black "Felez Casedas, Carlos"]
[Result "0-1"]
[WhiteElo "1631"]
[BlackElo "1963"]
[PlyCount "132"]
[GameId "2166508129096070"]
[EventDate "2024.01.27"]
[WhiteTeam "El Olivar C"]
[BlackTeam "L'Aurora Estadilla"]

1. e4 e5 2. Nf3 Nf6 3. Nxe5 d6 4. Nf3 Nxe4 5. d3 Nf6 6. Be2 d5 7. Nc3 Bd6 8. Bg5 c6 9. O-O O-O 10. Qd2 Bg4 11. h3 Bxf3 12. Bxf3 Nbd7 13. g3 Nc5 14. d4 Ne6 15. Be3 Re8 16. Rfe1 Nf8 17. Bg2 Bb4 18. a3 Ba5 19. b4 Bc7 20. Rab1 Ng6 21. Na4 Ne4 22. Bxe4 Rxe4 23. Nc5 Re8 24. Kg2 b6 25. Nd3 Qd7 26. Re2 Re4 27. Rbe1 a5 28. c3 axb4 29. axb4 h5 30. f3 Re6 31. Nf4 Bxf4 32. Bxf4 Rae8 33. Rxe6 Rxe6 34. Rxe6 Qxe6 35. Be3 h4 36. g4 Qd6 37. f4 Qe7 38. Qd3 Qa7 39. f5 Ne7 40. Bg5 Nc8 41. Bxh4 Qa2+ 42. Bf2 Nd6 43. Kf3 Ne4 44. Qe3 Qb2 45. Be1 Qh2 46. h4 Qh3+ 47. Kf4 Qh2+ 48. Kf3 b5 49. h5 f6 50. Bf2 Qh1+ 51. Ke2 Qb1 52. Be1 Qc2+ 53. Kf3 Kh7 54. Qe2 Qc1 55. Qe3 Ng5+ 56. Kf2 Qd1 57. Qe2 Ne4+ 58. Kf3 Qc1 59. Qe3 Qb2 60. Qe2 Qa1 61. Qe3 Qa2 62. Qe2 Qb3 63. Qe3 Ng5+ 64. Kf2 Qd1 65. Qe2 Nh3+ 66. Kf3 Ng1+ 0-1

[Event "Preferente Aragonesa 2024 - Grupo I"]
[Site "?"]
[Date "2024.02.24"]
[Round "5.51"]
[White "Puertolas Serena, Arturo"]
[Black "Jaso Escudero, Julen"]
[Result "0-1"]
[WhiteElo "1753"]
[BlackElo "1481"]
[PlyCount "58"]
[GameId "2166508129132935"]
[EventDate "2024.01.27"]
[WhiteTeam "L'Aurora Estadilla"]
[BlackTeam "El Olivar C"]

1. e4 e5 2. Nf3 Nf6 3. Nxe5 d6 4. Nf3 Nxe4 5. d4 d5 6. Bd3 Bd6 7. O-O O-O 8. c4 c6 9. Nc3 Nxc3 10. bxc3 dxc4 11. Bxh7+ Kxh7 12. Ng5+ Kg8 13. Qh5 Bf5 14. f4 Nd7 15. Nh3 Bxh3 16. Qxh3 f5 17. Rf3 Qf6 18. Bd2 Qh6 19. Qxh6 gxh6 20. g4 fxg4 21. Rg3 h5 22. h3 Bxf4 23. Bxf4 Rxf4 24. hxg4 Rxg4 25. Rxg4+ hxg4 26. Re1 Kf7 27. a4 Re8 28. Rb1 b6 29. Kf2 Nf6 0-1

[Event "Preferente Aragonesa 2024 - Grupo II"]
[Site "?"]
[Date "2024.02.24"]
[Round "5.52"]
[White "Asensio Asensio, Nicolas"]
[Black "Cabrera Moreno, Daniel"]
[Result "1/2-1/2"]
[WhiteElo "2028"]
[BlackElo "2157"]
[PlyCount "71"]
[GameId "2166508129182088"]
[EventDate "2024.01.27"]
[WhiteTeam "Aulazenter"]
[BlackTeam "Tauste"]

1. c4 Nf6 2. Nc3 c5 3. Nf3 Nc6 4. e4 d6 5. d4 cxd4 6. Nxd4 g6 7. f3 Bg7 8. Be3 O-O 9. Qd2 a6 10. Be2 Bd7 11. O-O Rc8 12. Rac1 Ne5 13. b3 Nc6 14. Rfd1 Nxd4 15. Bxd4 Bc6 16. b4 b6 17. Bf1 Nd7 18. Bxg7 Kxg7 19. c5 bxc5 20. Bxa6 Rb8 21. b5 Ba8 22. a4 Qa5 23. Ra1 Nb6 24. Nd5 Qxd2 25. Rxd2 Bxd5 26. exd5 Na8 27. Re1 Kf6 28. Rde2 Rfe8 29. g4 h6 30. f4 Nc7 31. g5+ hxg5 32. fxg5+ Kxg5 33. Rxe7 Rxe7 34. Rxe7 Nxa6 35. bxa6 Ra8 36. a7 1/2-1/2

[Event "Preferente Aragonesa 2024 - Grupo II"]
[Site "?"]
[Date "2024.02.24"]
[Round "5.53"]
[White "Fernandez Rubio, Rafael"]
[Black "Conon, Catalin"]
[Result "1/2-1/2"]
[WhiteElo "2033"]
[BlackElo "1893"]
[PlyCount "116"]
[GameId "2166508129223049"]
[EventDate "2024.01.27"]
[WhiteTeam "Tauste"]
[BlackTeam "Aulazenter"]

1. e4 c5 2. Nf3 d6 3. d4 cxd4 4. Qxd4 Nf6 5. Nc3 Nc6 6. Bb5 Bd7 7. Bxc6 Bxc6 8. Bg5 e6 9. O-O-O Be7 10. Qd3 Qa5 11. Kb1 Rc8 12. h4 h6 13. Bd2 Qa6 14. Qxa6 bxa6 15. Rhe1 Ng4 16. Be3 Nxe3 17. Rxe3 O-O 18. g3 e5 19. Nd5 Bxd5 20. Rxd5 f5 21. Nd2 f4 22. Rb3 fxg3 23. fxg3 Rc7 24. Rf3 Rxf3 25. Nxf3 Kf7 26. Nd2 Ke6 27. c4 Bd8 28. Kc2 Rb7 29. a3 Bb6 30. b4 Bf2 31. Rd3 Rc7 32. Kb3 Rf7 33. Ka4 Bb6 34. Nb3 Rc7 35. Rc3 Bd4 36. Rc2 Rf7 37. c5 dxc5 38. Nxc5+ Kd6 39. Nxa6 Rf3 40. Nc7 Rxg3 41. Nb5+ Kd7 42. Rc7+ Kd8 43. Rf7 a6 44. Nxd4 exd4 45. Rf5 d3 46. Ka5 Kc7 47. Rd5 Kb7 48. a4 g5 49. h5 Re3 50. e5 g4 51. Rd7+ Kc8 52. e6 g3 53. Rg7 d2 54. Rg8+ Kc7 55. Rg7+ Kc8 56. Rg8+ Kc7 57. Rg7+ Kb8 58. Rg8+ Kc7 1/2-1/2

[Event "Preferente Aragonesa 2024 - Grupo II"]
[Site "?"]
[Date "2024.02.24"]
[Round "5.54"]
[White "Iravedra Ainkov, Francisco"]
[Black "Turon Perez, David"]
[Result "1-0"]
[WhiteElo "1861"]
[BlackElo "1857"]
[PlyCount "77"]
[GameId "2166508129259914"]
[EventDate "2024.01.27"]
[WhiteTeam "Aulazenter"]
[BlackTeam "Tauste"]

1. e4 e5 2. Nf3 Nc6 3. Nc3 Nf6 4. Bb5 d6 5. d4 Bd7 6. Bg5 Be7 7. O-O O-O 8. dxe5 Nxe5 9. Nxe5 Bxb5 10. Nxb5 dxe5 11. Qxd8 Bxd8 12. Bxf6 Bxf6 13. Rfd1 c6 14. Nd6 b6 15. Nc4 Rad8 16. c3 Rfe8 17. Kf1 g6 18. Ke2 Bg7 19. a4 f5 20. f3 Bf8 21. Rxd8 Rxd8 22. Nxe5 Re8 23. Nxc6 fxe4 24. f4 a5 25. Rd1 Re6 26. Nd4 Re8 27. Nb3 Re6 28. Rd4 Bg7 29. Rd8+ Kf7 30. Ke3 Ke7 31. Rd5 Rc6 32. Nd2 h6 33. Nxe4 Rc4 34. Rb5 Rc6 35. Kd3 Kd7 36. b4 axb4 37. cxb4 Kc7 38. a5 bxa5 39. bxa5 1-0

[Event "Preferente Aragonesa 2024 - Grupo II"]
[Site "?"]
[Date "2024.02.24"]
[Round "5.55"]
[White "San Lazaro Lorente, David"]
[Black "Morales Anadon, Tomas"]
[Result "0-1"]
[WhiteElo "1755"]
[BlackElo "1643"]
[PlyCount "76"]
[GameId "2166508129296779"]
[EventDate "2024.01.27"]
[WhiteTeam "Tauste"]
[BlackTeam "Aulazenter"]

1. d4 d5 2. Nf3 Nf6 3. e3 c5 4. c3 Nc6 5. Bd3 Bg4 6. Nbd2 e6 7. Qa4 Bxf3 8. Nxf3 Bd6 9. dxc5 Bxc5 10. Nd4 Qb6 11. b4 Bd6 12. Bd2 O-O 13. Nxc6 bxc6 14. O-O Ng4 15. h3 Ne5 16. Be2 a5 17. Qb3 Rfb8 18. Rfb1 h6 19. Qc2 Qc7 20. Rb2 Rb7 21. Rab1 Rab8 22. Kf1 Nd7 23. bxa5 Rxb2 24. Rxb2 Qxa5 25. c4 Rxb2 26. Qxb2 Qa7 27. cxd5 cxd5 28. Bc3 f6 29. Bg4 Nc5 30. Kg1 Kf7 31. Qc2 Ne4 32. Bd4 Qa5 33. Kf1 Nd2+ 34. Ke2 Ne4 35. Qb2 Qa6+ 36. Ke1 Qa5+ 37. Kd1 Qa4+ 38. Kc1 Ba3 0-1

[Event "Preferente Aragonesa 2024 - Grupo II"]
[Site "?"]
[Date "2024.02.24"]
[Round "5.56"]
[White "Chueca Lorente, Javier"]
[Black "Hernando Garcia, Antonio"]
[Result "1-0"]
[WhiteElo "2175"]
[BlackElo "2070"]
[PlyCount "73"]
[GameId "2166508129341836"]
[EventDate "2024.01.27"]
[WhiteTeam "MyInvestor Casablanca C"]
[BlackTeam "El Olivar B"]

1. c4 Nf6 2. d4 e6 3. g3 d5 4. Bg2 c6 5. Qc2 Nbd7 6. Nf3 Be7 7. O-O O-O 8. Nbd2 b6 9. e4 Bb7 10. e5 Ne8 11. Re1 Qc7 12. h4 h5 13. Nf1 Rc8 14. Bg5 Nb8 15. Rac1 dxc4 16. Ne3 b5 17. a4 a6 18. Bh3 Rd8 19. Bxe7 Qxe7 20. Ng5 g6 21. Bxe6 Kg7 22. Nf5+ gxf5 23. Qxf5 Rh8 24. Bxf7 Rh6 25. Qe4 Nc7 26. f4 Nd5 27. f5 Nd7 28. f6+ N7xf6 29. exf6+ Qxf6 30. Rf1 Qd6 31. Ne6+ Rxe6 32. Bxe6 Qxg3+ 33. Kh1 Nf6 34. Rxf6 Kxf6 35. Rf1+ Ke7 36. Rf7+ Kd6 37. Rxb7 1-0

[Event "Preferente Aragonesa 2024 - Grupo II"]
[Site "?"]
[Date "2024.02.24"]
[Round "5.57"]
[White "Gracia Campo, Carlos Alberto"]
[Black "Miranda Herrera, Belen"]
[Result "1-0"]
[WhiteElo "2007"]
[BlackElo "1823"]
[PlyCount "99"]
[GameId "2166508129436045"]
[EventDate "2024.01.27"]
[WhiteTeam "El Olivar B"]
[BlackTeam "MyInvestor Casablanca C"]

1. e4 e5 2. Nf3 Nc6 3. Bc4 Nf6 4. d3 Bc5 5. Bg5 h6 6. Bh4 Be7 7. c3 d6 8. Nbd2 a5 9. d4 Bg4 10. Bb5 exd4 11. cxd4 d5 12. e5 Nd7 13. Bxe7 Qxe7 14. Qb3 Bxf3 15. Nxf3 Qb4+ 16. Qxb4 axb4 17. Bxc6 bxc6 18. Kd2 c5 19. dxc5 Nxc5 20. Nd4 Ne4+ 21. Ke3 c5 22. Nb5 O-O 23. Nc7 Rad8 24. Rhd1 Ng5 25. Rxd5 Rxd5 26. Nxd5 Ra8 27. a4 Ne6 28. Kd3 Ra5 29. Kc4 Kf8 30. b3 Ke8 31. Rd1 Nd4 32. Nc7+ Ke7 33. Nb5 Ne6 34. Rd6 Ra8 35. g3 g5 36. Kd5 g4 37. Kc4 h5 38. Rc6 Kd7 39. Rb6 Ng5 40. Kxc5 Ne4+ 41. Kxb4 Nxf2 42. Rb7+ Kc6 43. Rxf7 Nd3+ 44. Kc3 Nxe5 45. Rf6+ Kd7 46. Rh6 Rc8+ 47. Kb4 Nd3+ 48. Ka5 Ra8+ 49. Kb6 Rb8+ 50. Ka7 1-0